| 000 | 00662nam a2200205 4500 | ||
|---|---|---|---|
| 001 | 128040 | ||
| 003 | ES-MaACL | ||
| 005 | 20260210162439.0 | ||
| 007 | t| | ||
| 008 | 070214s1906 fr r ||||1| fre d | ||
| 100 | 1 |
_aRivière, Ch. _997731 |
|
| 245 | 1 | 0 |
_aCultures du Midi de l'Algérie et de la Tunisie / _cpar Ch. Rivière, H. Lecq ; introduction par le Dr. P. Regnard. |
| 260 |
_aParis : _bLib. J. B. Baillière et Fils, _c1906. |
||
| 300 |
_aXII, 511 p. : _bil. ; _c18 x 11 cm. |
||
| 490 | 1 | _aEncyclopédie agricole | |
| 700 | 1 |
_aLecq, H. _971115 |
|
| 830 | 0 |
_aEncyclopédie agricole _9180885 |
|
| 852 |
_aES-MaACL _jD-3712 |
||
| 999 |
_c128040 _d128040 |
||